000 01211aab a2200193 i 4500
001 768714001
003 CO-MdFUSB
005 20240327164453.0
008 240327t1988 ag ||||| |||| 00| 0 spa d
040 _bspa
_cCO-MdFUSB
041 _aspa
100 1 _aRamírez, Eduardo M.
_eautor
245 1 0 _aConversación con Miguel Angel Darino
_c/ Eduardo M. Ramírez
300 _aVolumen 7, número 4 (diciembre, 1988), páginas: 30 - 32
_c; 27 cm
520 _aLa adoración auténtica debe involucrar por completo la mente, porque para el hombre es importante conocer a Dios fuera del uso de su mente. Y es tarea de la Iglesia el velar para que el culto guíe a la persona a la reflexión, a que la mente tome parte de la experiencia de la adoración. Negamos autenticidad al acto de adoración cuando nos preocupamos más por la experiencia de uno mismo, como individuo, que por lo que Dios habrá de recibir. El colmo de esta situación, que la mayoría de las veces es inconsciente, es el culto que coloca al individuo como centro de interés.
650 7 _aLiturgia
_9206
773 0 _tIglesia y Misión
_049402
_959672
_gVolumen 7, número 4 (diciembre, 1988), páginas: 30 - 32
_qpáginas: 30
942 _cANA
999 _c51785
_d51785